000
00486nam a2200145Ia 4500
008
100122s9999 xx 000 0 und d
082
_b
70601
_a
294.5
100
_a
गोखले गो सी
245
_a
सहज बोलणे हितउपदेश
260
_b
चैतन्योपासना
_c
2006
300
_a
199
630
_a
सहज बोलणे हितउपदेश
730
_a
सहज बोलणे हितउपदेश
942
_c
BOOK
999
_c
441454
_d
441451